Zdokonaľovanie a organizácia tvorivej činnosti technických a vedeckotechnických pracovníkov sympózium so zahraničnou účasťou

Uložené v:
Podrobná bibliografia
Médium: Kniha
Jazyk:Slovak
Vydavateľské údaje: Bratislava Dom techniky ČSVTS 1984
Tagy: Pridať tag
Žiadne tagy, Buďte prvý, kto otaguje tento záznam!

MARC

LEADER 00000nam a2200000 4500
001 c113694
005 20041019155156.4
041 0 |a slo 
044 |a SK 
245 1 0 |a Zdokonaľovanie a organizácia tvorivej činnosti technických a vedeckotechnických pracovníkov  |b sympózium so zahraničnou účasťou 
264 1 |a Bratislava  |b Dom techniky ČSVTS  |c 1984 
300 |a 227 s.